<?xml version="1.0" encoding="UTF-8"?>
<collection xmlns="http://www.loc.gov/MARC21/slim">
 <record>
  <leader>01504nam a22002297a 4500</leader>
  <controlfield tag="001">NCT_4_019493</controlfield>
  <controlfield tag="008">250513b        xxu||||| |||| 00| 0 vie d</controlfield>
  <datafield tag="999" ind1=" " ind2=" ">
   <subfield code="c">8948</subfield>
   <subfield code="d">8948</subfield>
  </datafield>
  <datafield tag="020" ind1=" " ind2=" ">
   <subfield code="a">9786046660446</subfield>
   <subfield code="c">245000</subfield>
  </datafield>
  <datafield tag="082" ind1="0" ind2="4">
   <subfield code="2">23rd ed.</subfield>
   <subfield code="a">616.075</subfield>
   <subfield code="b">D513</subfield>
  </datafield>
  <datafield tag="100" ind1="1" ind2=" ">
   <subfield code="a">Đặng Thị Ngọc Dung</subfield>
   <subfield code="e">Chủ biên</subfield>
  </datafield>
  <datafield tag="245" ind1="1" ind2="0">
   <subfield code="a">Kỹ thuật và thiết bị xét nghiệm y học </subfield>
   <subfield code="b">(Sách đào tạo đại học)</subfield>
   <subfield code="c">Đặng Thị Ngọc Dung, Nguyễn Trọng Tuệ (Chủ biên)</subfield>
  </datafield>
  <datafield tag="260" ind1=" " ind2=" ">
   <subfield code="a">H.</subfield>
   <subfield code="b">Y học</subfield>
   <subfield code="c">2023</subfield>
  </datafield>
  <datafield tag="300" ind1=" " ind2=" ">
   <subfield code="a">322 tr.</subfield>
   <subfield code="b">Minh họa </subfield>
   <subfield code="c">27 cm</subfield>
  </datafield>
  <datafield tag="500" ind1=" " ind2=" ">
   <subfield code="a">ĐTTS ghi: Trường Đại học Y Hà Nội Bộ môn Khoa học xét nghiệm </subfield>
  </datafield>
  <datafield tag="520" ind1="3" ind2=" ">
   <subfield code="a">Cuốn sách cung cấp kiến thức và kỹ năng về nền tảng và khả năng công nghệ, phương pháp vận hành cũng như bảo đảm việc quản lý chất lượng thiết bị, điều cần thiết cho ứng dụng thực tế của kỹ thuật xét nghiệm</subfield>
  </datafield>
  <datafield tag="653" ind1=" " ind2=" ">
   <subfield code="a">Xét nghiệm Y học</subfield>
  </datafield>
  <datafield tag="700" ind1="1" ind2=" ">
   <subfield code="a">Nguyễn Trọng Tuệ</subfield>
   <subfield code="e">Chủ biên</subfield>
  </datafield>
  <datafield tag="942" ind1=" " ind2=" ">
   <subfield code="2">ddc</subfield>
   <subfield code="c">BK</subfield>
  </datafield>
  <datafield tag="952" ind1=" " ind2=" ">
   <subfield code="0">0</subfield>
   <subfield code="1">0</subfield>
   <subfield code="2">ddc</subfield>
   <subfield code="4">0</subfield>
   <subfield code="6">616_075000000000000_D513</subfield>
   <subfield code="7">0</subfield>
   <subfield code="9">30688</subfield>
   <subfield code="a">000001</subfield>
   <subfield code="b">000001</subfield>
   <subfield code="d">2025-05-13</subfield>
   <subfield code="o">616.075 D513</subfield>
   <subfield code="p">MD.23828</subfield>
   <subfield code="r">2025-05-13</subfield>
   <subfield code="v">245000.00</subfield>
   <subfield code="w">2025-05-13</subfield>
   <subfield code="y">BK</subfield>
  </datafield>
  <datafield tag="952" ind1=" " ind2=" ">
   <subfield code="0">0</subfield>
   <subfield code="1">0</subfield>
   <subfield code="2">ddc</subfield>
   <subfield code="4">0</subfield>
   <subfield code="6">616_075000000000000_D513</subfield>
   <subfield code="7">0</subfield>
   <subfield code="9">30689</subfield>
   <subfield code="a">000001</subfield>
   <subfield code="b">000001</subfield>
   <subfield code="d">2025-05-13</subfield>
   <subfield code="o">616.075 D513</subfield>
   <subfield code="p">MD.23829</subfield>
   <subfield code="r">2025-05-13</subfield>
   <subfield code="v">245000.00</subfield>
   <subfield code="w">2025-05-13</subfield>
   <subfield code="y">BK</subfield>
  </datafield>
  <datafield tag="980" ind1=" " ind2=" ">
   <subfield code="a">Thư viện Trường Đại học Nam Cần Thơ</subfield>
  </datafield>
 </record>
</collection>
